000 00726nam a2200253 i 4500
001 C2-0119112
003 PPAK
005 20180727111717.0
008 970803s1995 my |||| ||||| | may d
020 _a9836251715
040 _aPPAK
_beng
_cPPAK
_erda
082 0 4 _a899.238
_223
090 0 0 _a899.238
_bUSM
_dG
090 0 0 _a899.238
_bUSM
_dKK
100 0 _aUsman Awang,
_d1929-
_eauthor
245 1 0 _aKoleksi terpilih sasterawan negara Usman Awang
264 1 _aKuala Lumpur :
_bDewan Bahasa dan Pustaka ,
_c1995
300 _axIvii, 459 pages ;
_c20 cm
336 _2rdacontent
_atext
337 _2rdamedia
_aunmediated
338 _2rdacarrier
_avolume
650 1 0 _aUsman Awang,1929 - Authorship
942 _ddc
_cB
999 _c32808
_d32808